000
00295nam a2200145Ia 4500
100
_a
DIXIT SUDHIR
650
_a
General
942
_c
BK
366
_f
20
245
_a
SAFALTECHE MANTRA
260
_b
NEW DELHI
_a
MANJUL PUBL.
_c
2012
082
_a
170/DIX
300
_a
181
546
_a
ENGLISH
999
_c
24962
_d
24962